[Event "EU-ch U14 23rd"]
[Site "Budva"]
[Date "2013.10.07"]
[Round "8"]
[White "Lyutov, Timofey"]
[Black "Shapiro, David"]
[Result "1/2-1/2"]
[WhiteElo "1896"]
[BlackElo "2071"]
[PlyCount "94"]
[EventDate "2013.09.29"]
[EventType "swiss"]
[EventRounds "9"]
[EventCountry "MNE"]
[SourceTitle "EXT 2014"]
[Source "ChessBase"]
[SourceDate "2013.11.20"]
[SourceVersion "1"]
[SourceVersionDate "2013.11.20"]
[SourceQuality "1"]

1. e4 e6 2. d4 d5 3. Nc3 Bb4 4. Nge2 dxe4 5. a3 Bxc3+ 6. Nxc3 f5 7. Qh5+ Kf8 8. Bf4 Nf6 9. Qg5 Kf7 10. Bc4 Nc6 11. 0-0-0 Nd5 12. Bxd5 exd5 13. Qxd8 Rxd8 14. Bxc7 Rd7 15. Bf4 Ne7 16. h3 h6 17. h4 b6 18. Nb5 Bb7 19. Nd6+ Ke6 20. Nxb7 Rxb7 21. h5 b5 22. Rh3 Rc8 23. Rg3 Kf7 24. Be5 g5 25. hxg6+ Nxg6 26. Rh3 Rb6 27. Rxh6 Nxe5 28. Rxb6 axb6 29. dxe5 Ke6 30. g3 Kxe5 31. c3 Rh8 32. Kd2 Kd6 33. Ke3 Kc5 34. Kf4 Rh2 35. Ke3 Kd6 36. Rf1 Ke5 37. Rd1 Rh8 38. Rf1 Rh3 39. Ke2 Rh8 40. Ke3 Rh7 41. Rd1 Rf7 42. Rd4 Rc7 43. Rb4 Rc5 44. Rb3 Kd6 45. Kf4 Ke6 46. a4 bxa4 47. Rxb6+ Ke7 1/2-1/2

[Event "EU-ch U14 23rd"]
[Site "Budva"]
[Date "2013.09.30"]
[Round "2"]
[White "Lyutov, Timofey"]
[Black "Nussbaumer, Patrick"]
[Result "0-1"]
[WhiteElo "1896"]
[BlackElo "1736"]
[PlyCount "90"]
[EventDate "2013.09.29"]
[EventType "swiss"]
[EventRounds "9"]
[EventCountry "MNE"]
[SourceTitle "EXT 2014"]
[Source "ChessBase"]
[SourceDate "2013.11.20"]
[SourceVersion "1"]
[SourceVersionDate "2013.11.20"]
[SourceQuality "1"]

1. e4 c5 2. Nf3 d6 3. c4 Bg4 4. Be2 Nc6 5. d4 Bxf3 6. Bxf3 Nxd4 7. Bg4 Nf6 8. Qa4+ b5 9. cxb5 Nxg4 10. b6+ Qd7 11. b7 Rb8 12. Qxa7 Qxb7 13. Qxb7 Rxb7 14. Na3 Ne5 15. Kd2 g6 16. f4 Bh6 17. g3 0-0 18. b3 Nec6 19. Bb2 Bg7 20. Nc4 Nf3+ 21. Ke3 Bxb2 22. Nxb2 Nfd4 23. Kd2 Ra8 24. Rhf1 Rxb3 25. axb3 Rxa1 26. Rxa1 Nxb3+ 27. Kc3 Nxa1 28. Nc4 Nd4 29. Ne3 Nab3 30. Nd5 Kf8 31. e5 Na5 32. exd6 exd6 33. Nf6 h5 34. Ne4 Ke7 35. Kd3 Nf3 36. h3 Nc6 37. Ke3 Ncd4 38. Nc3 Ke6 39. Ke4 Nd2+ 40. Ke3 N2b3 41. g4 hxg4 42. hxg4 d5 43. Na4 c4 44. Nc5+ Nxc5 45. Kxd4 f5 0-1

[Event "Nezhmetdinov Memorial 35th"]
[Site "Kazan"]
[Date "2013.06.07"]
[Round "8"]
[White "Lyutov, Timofey"]
[Black "Rivonenko, Vladislav"]
[Result "1/2-1/2"]
[WhiteElo "1856"]
[BlackElo "2026"]
[PlyCount "81"]
[EventDate "2013.05.31"]
[EventType "swiss"]
[EventRounds "9"]
[EventCountry "RUS"]
[SourceTitle "CBM 154 Extra"]
[Source "ChessBase"]
[SourceDate "2013.06.25"]
[SourceVersion "2"]
[SourceVersionDate "2013.06.25"]
[SourceQuality "1"]

1. e4 c5 2. Nf3 Nc6 3. c4 g6 4. d4 cxd4 5. Nxd4 Nf6 6. Nc3 Nxd4 7. Qxd4 d6 8. Be2 Bg7 9. Be3 0-0 10. Qd2 Be6 11. Rc1 Qa5 12. 0-0 Rfc8 13. b3 a6 14. f3 b5 15. Nd5 Qxd2 16. Bxd2 Nxd5 17. cxd5 Bd7 18. Bd3 Bd4+ 19. Kh1 Bb2 20. Rb1 Bc3 21. Be3 Bb4 22. Rfc1 Ba3 23. Rxc8+ Rxc8 24. Bd4 e5 25. dxe6 fxe6 26. h3 Kf7 27. f4 Bc5 28. Bg1 Bxg1 29. Kxg1 Rc3 30. Rd1 Bc6 31. Kf2 d5 32. exd5 Bxd5 33. g3 Ke7 34. Ke3 Kd6 35. Kd4 b4 36. Rd2 a5 37. Rc2 Rxc2 38. Bxc2 a4 39. bxa4 Bxa2 40. Bd3 Bd5 41. Be2 1/2-1/2

[Event "Nezhmetdinov Memorial 35th"]
[Site "Kazan"]
[Date "2013.06.02"]
[Round "3"]
[White "Yeletsky, Ivan"]
[Black "Lyutov, Timofey"]
[Result "0-1"]
[WhiteElo "2144"]
[BlackElo "1856"]
[PlyCount "150"]
[EventDate "2013.05.31"]
[EventType "swiss"]
[EventRounds "9"]
[EventCountry "RUS"]
[SourceTitle "CBM 154 Extra"]
[Source "ChessBase"]
[SourceDate "2013.06.25"]
[SourceVersion "2"]
[SourceVersionDate "2013.06.25"]
[SourceQuality "1"]

1. e4 c5 2. f4 Nc6 3. Nf3 g6 4. Bb5 Bg7 5. 0-0 e6 6. Bxc6 bxc6 7. d3 Ne7 8. c4 0-0 9. Nc3 d5 10. Qe1 Ba6 11. b3 d4 12. Na4 Bc8 13. Nxc5 Qd6 14. Qa5 f6 15. Na4 e5 16. Qc5 Qc7 17. Ba3 Re8 18. fxe5 fxe5 19. Qd6 Qxd6 20. Bxd6 Bg4 21. h3 Bxf3 22. Rxf3 Nc8 23. Ba3 Nb6 24. Nb2 Bf8 25. Bxf8 Rxf8 26. Raf1 Rxf3 27. Rxf3 Kg7 28. Rf1 c5 29. Rb1 a5 30. Na4 Nd7 31. Kf2 Rb8 32. Ke2 Kg8 33. Nb2 Nb6 34. Nd1 Nd7 35. Nf2 a4 36. Nh1 a3 37. Ng3 Nb6 38. Rf1 Kg7 39. h4 Na8 40. Nh1 Nc7 41. Nf2 Na6 42. Rd1 Nb4 43. Rd2 Kf6 44. Kd1 Ke6 45. g3 Rf8 46. Ke2 Rg8 47. Nh3 h6 48. Ng1 g5 49. Nh3 gxh4 50. gxh4 Rg2+ 51. Nf2 Rg1 52. Nd1 Rh1 53. Kf3 Rh3+ 54. Ke2 Rxh4 55. Nf2 Rh5 56. Kf3 Rg5 57. Rd1 h5 58. Rh1 Kf6 59. Nh3 Rg4 60. Nf2 Rf4+ 61. Kg2 Kg6 62. Rd1 h4 63. Rd2 Kh5 64. Re2 Rf8 65. Rd2 Rg8+ 66. Kh2 Rg3 67. Kh1 h3 68. Rd1 Kh4 69. Rb1 Rg2 70. Rf1 Kg3 71. Rg1 Kxf2 72. Rf1+ Kg3 73. Rf3+ Kg4 74. Rxh3 Rg1+ 75. Kh2 Rh1+ 0-1